00302nam a22000857a 4500008004100000082001700041245011200058260003400170300001200204230612b xxu||||| |||| 00| 0 eng d a354.676bGOK a2005/2006 Estimates of Recurrent Expenditure of the Government of Kenya for the Year Ending 30th June, 2006 aNairobi,KenyabGOKcJune,2005 aIX,823p